Missing Word: Famous TV Comedy Writers Quiz Stats

Quiz Updated Nov 29, 2016

Challenge
Share
Tweet
Embed
Score 0/22 Timer 03:00
1 Play Today
Writer/Comedian Missing Names % Correct
Woody ____Allen
98.7%
____ CleeseJohn
83.1%
____ O'BrienConan
81.3%
____ PryorRichard
80.4%
____ BrooksMel
70.7%
____ ColbertStephen
70.7%
Johnny ____Carson
70.1%
Larry ____David
66.1%
Lorne ____Michaels
62.2%
___ ShandlingGarry
60.4%
Albert ____Brooks
54.4%
Writer/Comedian Missing Names % Correct
Norman ____Lear
46%
Steve ____Martin
45.5%
Rob ____Reiner
43.9%
Ricky ____Gervais
43.5%
____ L. BrooksJames
35.4%
____ ShearerHarry
33%
Joss ____Whedon
30.3%
Garry ____Marshall
30.3%
Neil ____Simon
25.4%
Eric ____Idle
23.1%
Chris ____Elliott
13.5%

Today's Daily Dose

Word Ladder
Antonym Clues II

Quick Pick
Movies of 2014

On This Day
April 24th II

You're not logged in!

Compare scores with friends on all Sporcle quizzes.
Sign Up with Email
OR
Log In

You Might Also Like...

Show Comments

Extras

Top Quizzes Today


Score Distribution

Your Account Isn't Verified!

In order to create a playlist on Sporcle, you need to verify the email address you used during registration. Go to your Sporcle Settings to finish the process.

Report this User

Report this user for behavior that violates our Community Guidelines.

Details: